000
00310nam a22001337a 4500
020
_a
817826153-7
082
_a
823
_b
HUG/H
100
_a
VICTOR HUGO
245
_a
THE HUNCH BACK OF NOTRE-DAME
260
_a
DELHI
_b
ROHAN BOOK COMPANY
_c
2003
300
_a
192
650
_a
MODERN ILLUSTRATED CLASSICS
942
_c
BK
999
_c
388
_d
388